000 00498nam a2200205Ia 4500
003 OSt
005 20221006152508.0
006 a|||||r|||| 00| 0
007 ta
008 221006b |||||||| |||| 00| 0 eng d
024 _a28,216
037 _cBound Volumes
040 _aEASL
_cEASL
_beng
041 _2eng
_aeng
245 0 _aSocial Sciences in China
260 _aBeiging
_bChina Social Science
_c0000
300 _ap.
_ccm.
942 _cCR
_2CC
999 _c1096302
_d1096302